000 00363 a2200121 4500
001 146855
040 _cEscola São Tomás de Aquino
100 _aMACHADO, Antônio de Alcântara
240 1 0 _aBrás, bexiga e Barra Funda
_lpor
245 1 0 _aBrás, bexiga e Barra Funda
697 _aCaricaturas, desenho animado, cômico, fotonovelas / Quadrinhos
942 _cBK
999 _c146855
_d146855